Дело о возобновлении контракта с коллежским асессором Коршем на отдачу ему в аренду Санкт-Петербургских «Ведомостей»

Доступно только в Электронных читальных залах Найти на картеНа карте
RUSMARC
00004218nmc2a22000003x 450
0010dbf4257-b5d6-48bc-a668-15b936bd8516
00520180709163009.0
100##$a20160322l18771884k l0rusy0189 ca
1010#$arus
102##$aRU
2001#$aДело о возобновлении контракта с коллежским асессором Коршем на отдачу ему в аренду Санкт-Петербургских «Ведомостей»
$j27 сентября 1877 г. - 22 мая 1884 г.
$hЧасть 2
251##$cДело
300##$aОриг. заголовок дела: Дело о недоимках по "Санкт-Петербургским ведомостям" и по проектам нового контракта по аренде этой газеты господином Комаровым. 27 сентября 1877 г. - 22 мая 1884 г
801#0$aRU
$bРГИА
$c20160322
$gRCR
801#1$aRU
$bГлавНИВЦ
$c20160322
$2rusmarc
801#2$aRU
$bПБ им. Б.Н. Ельцина
$c20180709
$gRCR
$2rusmarc
850##$aРГИА
852##$aРГИА
$eФедеральное казенное учреждение "Российский государственный исторический архив" (РГИА)
$j395
937##$hРГИА
$d12194194
$aASBIBLIO_SCAN
462#0$1001bddc07d4-03e3-4f2f-a715-f0b0b4a2fdca
$12001
$aДела по ученым учреждениям Департамента народного просвещения за 1863-1895 гг.
$1251
$cОпись
$1852
$j142
461#0$1001a74412a3-3cc5-4d21-8f0a-dfe2fbd9e72d
$12001
$aДепартамент народного просвещения Министерства народного просвещения (1803-1917)
$1251
$cФонд
$1852
$j733
215##$a602 л.
$d36,5х26 см
371##$aДокумент не является опубликованным и широко распространяемым
105##$ay###
1222#$ad
5171#$aДело о недоимках по "Санкт-Петербургским ведомостям" и по проектам нового контракта по аренде этой газеты господином Комаровым. 27 сентября 1877 г. - 22 мая 1884 г
035##$a0dbf4257-b5d6-48bc-a668-15b936bd8516
856##$uhttp://readingroom.main.prlib.ru/item.aspx?id_node=n116905724&mode=full
Формат отображения